-
VISHWAKARMA, MR DHANESHWAR KUMAR AND VERMA, DR. NAVNEET & KUMAR, MR. ASHOK
Entry Personal Name
Number of records used in: 1
001 - CONTROL NUMBER
003 - CONTROL NUMBER IDENTIFIER
005 - DATE AND TIME OF LATEST TRANSACTION
- control field:
20251125060730.0
008 - FIXED-LENGTH DATA ELEMENTS
- fixed length control field:
251125|| aca||aabn | a|a d
040 ## - CATALOGING SOURCE
- Original cataloging agency:
JRU
- Transcribing agency:
JRU
100 ## - HEADING--PERSONAL NAME
- Personal name:
VISHWAKARMA, MR DHANESHWAR KUMAR AND VERMA, DR. NAVNEET & KUMAR, MR. ASHOK
670 ## - SOURCE DATA FOUND
- Source citation:
Work cat.: (JRU)8977: VISHWAKARMA, MR DHANESHWAR KUMAR AND VERMA, DR. NAVNEET & KUMAR, MR. ASHOK , PHARMACEUTICS PRACTICALS ( AS PER PCI REGULATIONS) B. PHARMA [1ST SEM, 1ST YEAR BOOK], 2024